| 000 | 00449nam a22001817a 4500 | ||
|---|---|---|---|
| 005 | 20250404162225.0 | ||
| 008 | 250404b |||||||| |||| 00| 0 eng d | ||
| 020 | _a9789355734150 | ||
| 041 | _aeng | ||
| 082 |
_a330 _bMAN B22495 |
||
| 100 |
_aMankiw N G _9106339 |
||
| 245 | _aPrinciples of Macroeconomics By: Mankiw N G | ||
| 250 | _a8th Ed. | ||
| 260 |
_aDelhi _bCengage _c2018 |
||
| 300 | _a464p | ||
| 500 | _aMicroeconomics | ||
| 942 | _cBK | ||
| 999 |
_c365873 _d365873 |
||